| 000 | 01198cas a2200277 a 4500 | ||
|---|---|---|---|
| 999 |
_c16929 _d16929 |
||
| 005 | 20180803170117.0 | ||
| 008 | 991209c19989999ck trzp r 0 0a0spa d | ||
| 022 | _a0124-177X (impreso) | ||
| 022 | _a2357-5905 (digital) | ||
| 040 |
_aCO-BoBLA _cCO-BoBLA _dCO-BoIAVH |
||
| 041 | 0 | _aspa | |
| 044 | _ack | ||
| 090 | _aSE | ||
| 245 | 0 | 0 |
_aGestión y ambiente / _cUniversidad Nacional de Colombia. Instituto de Estudios Ambientales, Jardín Botánico de Bogotá José Celestino Mutis |
| 260 | 3 |
_aMedellín (Colombia) : _bUniversidad Nacional de Colombia. Instituto de Estudios Ambientales : _bJardín Botánico de Bogotá José Celestino Mutis, _c1998- . |
|
| 300 |
_bgráficas ; _c28 cm. |
||
| 310 | _au | ||
| 321 | _af | ||
| 504 | _aIncluye referencias bibliográficas. | ||
| 650 | 2 | 6 |
_aEcología _zColombia _vPublicaciones periódicas |
| 650 | 2 | 6 |
_aGestión ambiental _zColombia _vPublicaciones periódicas |
| 650 | 2 | 6 |
_aMedio ambiente _zColombia _vPublicaciones periódicas |
| 710 | 2 |
_aUniversidad Nacional de Colombia. _bInstituto de Estudios Ambientales |
|
| 710 | 2 | _aJardín Botánico de Bogotá José Celestino Mutis | |
| 942 |
_2z _cREVISTA _s1 |
||